000 01009cab a2200265 4500
001 X90781
008 090401t1998 xxu||||| |||| 00| 0 eng d
035 _a(Sirsi) u85251
041 _aeng
100 _aBussey, D.
245 _aCompensation: no better, no worse
260 _c1998
350 _a0
490 _aRural Design and Building Journal
_v2(97) Spring/Summer 1998, 7-9(3)
520 _aDetails the types of compensation farmers can receive for having sewers, mains water, gas mains or commercial pipelines laid under their land. Examples of claims and writer`s tips. Table of electricity wayleave payments from 1 April 1997. (Photocopy comes out very dark due to background).
650 _aCOMPENSATION
650 _aCOMPULSORY RIGHTS ORDERS
650 _aFARMS
650 _aGAS MAINS
650 _aPIPELINES
650 _aSEWERS
690 _aENVIRONMENTAL AND LAND CONSULTANCY-PLANNING AND DEVELOPMENT-COMPULSORY PURCHASE AND COMPENSATION
942 _n0
948 _c27/03/1998
999 _c53591
_d53591